|
|
|
|
| LEADER |
00000nam0a2200000 4500 |
| 001 |
113540 |
| 005 |
20231101215131.0 |
| 020 |
|
|
|a RU
|b 87-54616
|
| 035 |
|
|
|a (RuTPU)RU\TPU\book\122799
|
| 090 |
|
|
|a 113540
|
| 100 |
|
|
|a 20070412d1987 m y0rusy5003 ca
|
| 101 |
0 |
|
|a rus
|
| 102 |
|
|
|a RU
|
| 105 |
|
|
|a y z 000ay
|
| 200 |
1 |
|
|a Баллады; Наль и Дамаянти; Рустам и Зораб; Дневники; Письма; Воспоминания современников
|f В. А. Жуковский
|g сост.,авт. послсл. и примеч. И. М. Семенко
|
| 210 |
|
|
|a Москва
|c Правда
|d 1987
|
| 215 |
|
|
|a 480 с.
|d 20 см
|
| 610 |
1 |
|
|a русская литература
|
| 610 |
1 |
|
|a баллады
|
| 610 |
1 |
|
|a поэмы
|
| 610 |
1 |
|
|a воспоминания
|
| 675 |
|
|
|a Р1
|z rus
|
| 700 |
|
1 |
|a Жуковский
|b В. А.
|c русский поэт
|c академик Петербургской АН
|f 1783-1852
|g Василий Андреевич
|2 stltpush
|3 (RuTPU)RU\TPU\pers\1101
|9 499
|
| 702 |
|
1 |
|a Семенко
|b И. М.
|4 220
|
| 801 |
|
0 |
|a RU
|b RuMRKP
|c 19950417
|g psbo
|
| 801 |
|
1 |
|a RU
|b 63413507
|c 20070412
|g PSBO
|
| 801 |
|
2 |
|a RU
|b 63413507
|c 20070412
|g PSBO
|
| 942 |
|
|
|c BK
|